Joueurs brésiliens ayant joué au Real Madrid - Statistiques

Statistiques générales
  • Ce quiz a été pris 69 fois
  • Le résultat moyen est 11 sur 31
Statistiques - réponses
Année d'arrivée Année de départ Club précédant Club suivant Nombre de match Joueurs % Correct
2018 En cours CR Flamengo En cours 367 Vinicius Junior
94%
2024 En cours SE Palmeiras En cours 40 Endrick
92%
2019 En cours Santos FC En cours 297 Rodrygo
88%
2002 2007 Inter Milan AC Milan 177 Ronaldo
86%
2013 2022 FC São Paulo Manchester United 336 Casemiro
84%
2007 2022 Fluminense FC Olympiakós Le Pirée 546 Marcelo
84%
2019 En cours FC Porto En cours 191 Éder Militão
80%
2009 2013 AC Milan AC Milan 120 Kaká
75%
1996 2007 Inter Milan Fenerbahce 527 Roberto Carlos
72%
2005 2008 Santos FC Manchester City 137 Robinho
61%
2015 2017 FC Porto Manchester City 56 Danilo
48%
2020 2025 CR Flamengo Atlético Mineiro 0 Reinier
33%
2015 2019 Cruzeiro EC Grêmio Porto Alegre 9 Lucas Silva
28%
1997 1998 Portuguesa CR Flamengo 21 Zé Roberto
27%
2006 2007 Juventus Turin AC Milan 34 Emerson
16%
2012 2012 Rio Ave FC Rio Ave FC 1 Fabinho
16%
2005 2008 Séville FC AS Rome 78 Júlio Baptista
16%
2024 2024 Shakhtar Donetsk Shakhtar Donetsk 1 Vinicius Tobias
16%
2006 2007 FC São Paulo AS Rome 32 Cicinho
9%
2000 2003 Deportivo La Corogne Borussia Dortmund 74 Flávio Conceição
6%
1997 2003 CR Flamengo Real Saragosse 160 Sávio
6%
1959 1960 Botafogo FR Botafogo FR 19 Didi
5%
1999 2002 Real Valladolid Austria Vienne 33 Júlio César
5%
2017 2018 PSTC PSTC 0 Abner
3%
1959 1962 América FC Séville FC 35 Canário
3%
2014 2014 CD Maldonado CD Maldonado 1 Willian José
3%
1962 1964 FC Barcelone CR Flamengo 19 Evaristo
2%
1936 1936 Sporting CP FC Antibes 1 Fernando Giudicelli
0%
1991 1993 FC São Paulo Santos FC 88 Ricardo Rocha
0%
1998 2003 Portuguesa Atlético de Madrid 0 Rodrigo Fabri
0%
1993 1994 FC São Paulo FC São Paulo 3 Vítor
0%
Aucun quiz correspondant
Distribution des résultats
% des personnes avec chaque résultat
Percentile par nombre de réponses
Votre historique - résultats
Vous n’avez pas pris ce quiz